000 00445nam a22001817a 4500
003 CEME
005 20210628201722.0
008 210201b xxu||||| |||| 00| 0 eng d
020 _a81-7826-412-9
040 _c.
082 _a823.008 KIP
100 _aKipling, Rudyard
_927956
245 _aThe jungle books
260 _aNEW YORK
_bROHAN BOOK CO
_c2003
300 _a351P
650 _aENGLISH LITERATURE-STORIES
_91860
942 _cBK
_2ddc
999 _c566901
_d566901